000 00669nam a2200229 i 4500
001 C2-0303938
003 PPAK
005 20180728084930.0
008 100413s2002 my a|||| ||||| | eng d
040 _aPPAK
_beng
_cPPAK
_erda
082 0 4 _a004.09
_223
090 0 0 _a004.09
_bFRO
_dKLB
245 0 0 _aFrom loom to computer
264 1 _aSelangor :
_bASEAN Xommittee on Culture and Information (COCI) ,
_c2002
300 _a165 pages :
_billustrations ;
_c23 cm
336 _2rdacontent
_atext
337 _2rdamedia
_aunmediated
338 _2rdacarrier
_avolume
650 1 0 _aComputer - History
700 1 _aAdi Haji Taha, Dato' Dr.,
_eeditor
942 _ddc
_cB
999 _c107142
_d107142